Martin, Sean. Jewish life in Cracow, 1918 - 1939. - London [u.a.]

Titel: Martin, Sean. Jewish life in Cracow, 1918 - 1939. - London [u.a.] : Vallentine Mitchell. - 2004 [Rezension]
Verfasser:
In: Slavic review, Band 65 (2006), Seite 362-363
alle Artikel anzeigen
Veröffentlicht: 2006
Format: Aufsatz
Sprache: Englisch
Kein Bild verfügbar
X
alg: 39477346
001A    $01999:12-11-16 
001B    $03025:29-02-24 $t08:51:18.000 
001D    $01999:12-11-16 
001U    $0utf8 
001X    $00 
002@    $0Aox 
003@    $0394773462 
006N    $000627879 
007A    $0394773462 $aHEB 
007D    $asw060615 
007T    $0Herd77297 
010@    $aeng 
011@    $a2006 
021A    $aMartin, Sean. Jewish life in Cracow, 1918 - 1939. - London {[u.a.] $dVallentine Mitchell. -  2004 [Rezension] 
028A    $aSinkoff $dNancy 
031A    $d65 $h362-363 $j2006 
039B    $aIn $8--Abvc--. Slavic review. - Cambridge : Cambridge University Press, 1961-. - ISSN 0037-6779 $x200600000650000638 $9047271809 
039T    $8--Aay--Martin, Sean$Z1968- [Tp3]. Jewish life in Cracow, 1918 - 1939. - London : Vallentine Mitchell, 2004. - XVIII, 276 Seiten. - ISBN 0-85303-510-5 $9125634986 
045F    $a900.9438 $eDDC23BSB 
045F/01 $a900 
045F/03 $g438 
045T    $a3,6 $a7,41 

lok: 39477346 78

exp: 39477346 78 1 #EPN
201B/01 $018-11-16 $t12:41:13.000 
201U/01 $0utf8 
203@/01 $079107207X 
208@/01 $a12-11-16 $be 
209A/01 $a/ $f000 $x00 
220C/01 $aTitelaufnehmer: wr 
244Z/01 $2Trx $#Poola $#Lenkija $#Polija $#Polen Land $#Poland $#Lengyelország $#Poľsko $#Polsko $8--Trx--Polska$gkraj $x01 $9391345966 
244Z/01 $2Trx $#arvustused $#recenzijos $#Reviews $#recenziók $#recenzje $#recenzie $#recenze $8--Trx--Rezensionen $x02 $9391357441 
247C/01 $82080>Marburg/Lahn, Herder-Institut, Forschungsbibliothek, Bibliographieportal $9336309341
LEADER 00000caa a22000002c 4500
001 394773462
003 DE-603
005 20240229085118.0
007 tu
008 161112s2006 xx |||| | u00||u|eng c
035 |a (DE-599)HEB394773462 
035 |a (NL-LiSWE)00627879 
040 |a DE-603  |b ger  |c DE-603  |d DE-603 
041 |a eng 
082 0 4 |8 1\u  |a 900.9438  |q DE-101  |2 23/BSB 
084 |a 3,6  |a 7,41  |2 ssgn 
085 |8 1\u  |b 900 
085 |8 1\u  |z 2  |s 438 
100 1 |a Sinkoff, Nancy 
245 0 0 |a Martin, Sean. Jewish life in Cracow, 1918 - 1939. - London ˜[u.a.]œ  |b Vallentine Mitchell. - 2004 [Rezension] 
264 0 |c 2006 
773 0 8 |i In  |t Slavic review  |d Cambridge : Cambridge University Press, 1961-  |x 0037-6779  |g Band 65 (2006), Seite 362-363  |w (DE-603)047271809  |w (DE-600)203404-9 
787 0 8 |i Rezension von  |a Martin, Sean, 1968-  |t Jewish life in Cracow, 1918 - 1939  |d London : Vallentine Mitchell, 2004  |h XVIII, 276 Seiten  |z 0853035105  |z 0853035075  |w (DE-603)125634986 
924 0 |9 2080  |a (DE-603)79107207X  |b DE-2080  |c HES  |d d  |g /